| 000 | 01127nam a2200313 i 4500 | ||
|---|---|---|---|
| 001 | 34808 | ||
| 003 | KOSZ 005 | ||
| 005 | 20200630132831.0 | ||
| 008 | 081127s1972 pl a f f 001 0 pol | ||
| 015 | _aPB 1972/3895 | ||
| 040 |
_aWA N _cWA N _dKOSZ 005/RW |
||
| 080 | _a53 | ||
| 100 | 1 |
_aSzczeniowski, Szczepan _d(1898-1979) _eAutor |
|
| 245 | 1 | 0 |
_aFizyka doświadczalna : _bpodręcznik dla studentów szkół wyższych. _nCz. 1, _pMechanika i akustyka / _cSzczepan Szczeniowski. |
| 260 |
_aWarszawa : _bPaństwowe Wydawnictwo Naukowe, _c1972. |
||
| 300 |
_a703, [1] strony : _bilustracje, errata ; _c25 cm. |
||
| 336 |
_aTekst _btxt _2rdacontent |
||
| 337 |
_aBez urządzenia pośredniczącego _bn _2rdamedia |
||
| 338 |
_aWolumin _bnc _2rdacarrier |
||
| 380 | _aKsiążki. | ||
| 504 | _aIndeks. | ||
| 658 | _aFizyka i astronomia | ||
| 650 | 4 | _aFale | |
| 650 | 4 | _aMechanika | |
| 650 | 4 | _aAkustyka | |
| 710 | 2 |
_aPaństwowe Wydawnictwo Naukowe _4pbl. |
|
| 856 |
_uhttp://koha.tu.koszalin.pl/cgi-bin/koha/opac-detail.pl?biblionumber=34808 _yKatalog online BPK |
||
| 942 |
_2UKD _cKS |
||
| 999 |
_c34808 _d34808 |
||